| 000 | 00594nam a2200193 a 4500 | ||
|---|---|---|---|
| 005 | 20140412111238.0 | ||
| 008 | 010710s19uu xx 00 eng d | ||
| 020 | _a0-7696-0230-4 | ||
| 050 |
_aER _bWa11 1998 |
||
| 100 | _aDaw, Anne | ||
| 245 |
_aWaiting to hatch / _cwritten by Anne Daw; illustrated by Robert Sanford & Christopher Fowler. |
||
| 260 |
_aAshland, Ohio : _bLandoll, Inc, _c1998. |
||
| 300 | _a1v. (unp.) ; ill. | ||
| 440 | _aThe Land Before Time Collection | ||
| 650 | _aChildren' stories | ||
| 650 | _aDinosaurs-Stories | ||
| 650 | _aDinosaurs-Fiction | ||
| 999 |
_c102579 _d102579 |
||